000 00314nam a2200133Ia 4500
008 191201s2005 xx 000 0 und d
100 _aJAMES, R.C.
245 0 _aMathematics Dictionary
250 _a4th
260 _aN.Delhi
_bC B S Publisher
_c2005
300 _a509
650 _aGeneral Books
942 _2ddc
_cBK
999 _c2443
_d2443